Alle Länder die gegen Österreich im Fußball gespielt haben - Statistiken

Allgemein
  • Dieses Quiz wurde 38 mal gespielt
  • Das Durchschnittsergebnis liegt bei 62 aus 74
Antwortstatistiken
Antwort % Korrekt
Deutschland
100%
Türkei
100%
Belgien
97%
Brasilien
97%
Frankreich
97%
Irland
97%
Japan
97%
Russland
97%
Slowakei
97%
Slowenien
97%
Ungarn
97%
Argentinien
94%
England
94%
Italien
94%
Kanada
94%
Niederlande
94%
Polen
94%
Schottland
94%
Schweden
94%
Ukraine
94%
Vereinigte Staaten
94%
Belarus
91%
Estland
91%
Finnland
91%
Island
91%
Luxemburg
91%
Nordmazedonien
91%
Norwegen
91%
Portugal
91%
Schweiz
91%
Serbien
91%
Spanien
91%
Tschechien
91%
Ägypten
88%
Bosnien und Herzegowina
88%
Bulgarien
88%
Dänemark
88%
Lettland
88%
Litauen
88%
Nordirland
88%
Wales
88%
Albanien
85%
Chile
85%
Griechenland
85%
Kroatien
85%
Liechtenstein
85%
Rumänien
85%
San Marino
85%
Algerien
82%
Ghana
82%
Montenegro
82%
Tunesien
82%
Andorra
79%
Zypern
79%
Aserbaidschan
76%
Malta
76%
Georgien
73%
Iran
73%
Israel
73%
Nigeria
73%
Costa Rica
70%
Paraguay
70%
Kasachstan
67%
Uruguay
67%
Venezuela
67%
Färöer
61%
Kamerun
61%
Sowjetunion
61%
Jugoslawien
58%
Moldau
58%
Elfenbeinküste
55%
Tschechoslowakei
52%
Deutsche Demokratische Republik
48%
Trinidad und Tobago
39%
Keine übereinstimmenden Quizze gefunden
Verteilung der Resultate
Anzahl Personen mit jedem Resultat
Perzentil nach korrekt beantworteten Fragen
Ihre Resultats-Entwicklung
Sie haben dieses Quiz noch nicht gespielt